00748nam a2200241Ia 4500003000900000005001700009008004100026040001300067040001300080041000900093100003300102100001500135245005700150250001200207260002400219260000900243300001100252300001000263490000600273942001200279999001700291952019800308IT-RoPAU20220918175740.0120407s9999 xx 000 0 und d aIT-RoPAU cIT-RoPAU alat  aBenedictus Merkelbach935685 cop.935686 aQuestiones de variis poenitentium categoriis. 3a ed. aLiège aLa Pénsée Cath. c1949 a195 p. c22 cm v1 cBK2ddc c28117d28117 00102ddc406253_33000000000000071aPAULUSbPAULUSd2012-04-11l0o253.33r2012-04-11 00:00:00w2012-04-11yBKzInserito da: Jole In data: 12 settembre 2011 fondo: Via A.Severo 56 Progr:30473